01265nam a2200241 a 4500001001000000005001700010008004100027041000800068044000700076050002200083100002200105245030500127260006100432300004300493500001800536500003200554500000900586500014300595500002000738500013200758506009200890650004100982BRCA_859220190320210335.0220816s1675----it-#######---#000-0#lat-# alat ait 4aBV169b.C54c16751 aClementis Papae X10aBreve ss.mi d. n. Clementis Papae X. confirmationis & nouae concessionis indulgentiarum &c. pro archiconfraternitate cincturatorum & cincturatarum nuncupata S. Augustini & Sanctae Monicae sub inuocatione beatae virginis mariae de consolatione bononiae erecta in ecclesia S. IacobicClementis Papae X. aRomaebTypographia Reverendae Camerae Apostolicaec1675 a1 vol. (en varias paginaciones)c25 cm aFondo antiguo aSe encuentra en Caja Fuerte as/no aLas páginas preliminares están en manuscrito con tinta en dorado y negro con ilustración a color de la orden Agustina de Michoacán aincluye sumario aNota de encuadernación: en piel pergamino con escudo en dorado en las dos tapas, tapa posterior manchada de la parte superior0 aFondo reservado: para su consulta es necesario credencial de usuario y carta de motivos14aIglesia católicaeLiturgiavtextos